Spomeňme si, kým celkom zabudneme 50. výročie oslobodenia Osvienčimu, miesta tragédie aj slovenských židov

Bibliographic Details
Main Author: Schwalbová, Margita, 1915-2002 (Author)
Format: Article
Language:Slovak
Subjects:

MARC

LEADER 00000nab a2200000 a 4500
001 vtls000540357
003 SK-MaSNL
005 20260304110004.0
008 180405c1995 xo 0 slo
015 |a SNBRB19rr/mm-uuuuu 
035 |a CL0540495 
040 |a SNKBUCL  |b slo  |c SNKBUCL  |e AACR2 
041 0 |a slo 
044 |a xo  |c SK 
080 |a 940.53(=924):343.819.5(438)(091)  |2 1981 
080 |a 343.819.5(438)(091)  |2 1981 
080 |a 943.8"194"  |2 1981 
100 1 |a Schwalbová, Margita,  |d 1915-2002  |4 aut  |9 150463 
245 1 0 |a Spomeňme si, kým celkom zabudneme  |b 50. výročie oslobodenia Osvienčimu, miesta tragédie aj slovenských židov  |c Margita Schwalbová 
610 1 7 |a Osvienčim (koncentračný tábor)  |2 snkbucl  |9 178736 
650 0 7 |a druhá svetová vojna (1939-1945)  |2 snkbucl  |9 169657 
650 0 7 |a koncentračné tábory  |2 snkbucl  |9 2654 
650 0 7 |a Židia  |2 snkbucl  |9 3760 
655 7 |a články z novín a časopisov  |2 snkbucl  |9 267496 
773 0 |t Práca  |g Roč. 50, č. 21 (26. 1. 1995), s. 9 
850 |a Slovenská národná knižnica v Martine  |a MTA001 
852 |a SNK  |b KIS3GCP 
958 |a RK 
958 |a PL 
992 |a RBX 
999 |c 2858016  |d 2859946